[Event "CCCSA IM Norm C 2019"]
[Site "Charlotte"]
[Date "2019.06.10"]
[Round "9.4"]
[White "Balleisen, Aaron"]
[Black "Jacobson, Aaron"]
[Result "0-1"]
[WhiteElo "2203"]
[BlackElo "2302"]
[Annotator "TA"]
[PlyCount "70"]
[EventDate "2019.06.05"]
[EventType "tourn"]
[EventCountry "USA"]
[SourceTitle "playchess.com"]
[Source "ChessBase"]
[SourceQuality "1"]

{[%evp 9,70,2,12,-2,8,-2,0,-18,0,-7,0,-25,-22,-14,-22,-17,-19,-12,-12,-13,-22,-33,-8,-14,0,-30,-13,-13,-14,-13,-13,-13,0,0,-8,-7,-1,-16,-8,-115,-108,-124,-123,-122,-120,-110,-91,-92,-87,-87,-94,-82,-52,-202,-197,-233,-224,-217,-224,-871,-861,-827,-793]} 1. c4 e5 2. g3 Nf6 3. Bg2 c6 4. d4 e4 5. Nc3 d5 6. Bg5 {A20: English Opening: 1...e5} ({Predecessor:} 6. cxd5 cxd5 7. Bg5 Nbd7 8. f3 Bb4 9. Nh3 O-O 10. O-O Bxc3 {0-1 (47) Wadsworth,M (2325)-Fressinet,L (2677) Helsingor 2016}) 6... Bb4 7. cxd5 $146 (7. Qb3 Bxc3+ 8. Qxc3 O-O 9. f3 dxc4 10. Bxf6 Qxf6 11. fxe4 c5 12. e5 cxd4 13. exf6 dxc3 14. fxg7 {½-½ (40) McShane,L (2647)-Anand,V (2783) Germany 2018}) 7... cxd5 8. Nh3 {The position is equal.} Bxc3+ 9. bxc3 Nbd7 $1 10. O-O O-O 11. f3 h6 12. Bxf6 Nxf6 13. Nf2 {[%cal Rf3e4]} exf3 14. exf3 Qa5 15. Qb3 b6 16. Rfe1 Bd7 17. Re5 Rfc8 18. Rc1 Bb5 19. Bf1 Bxf1 20. Kxf1 Qa6+ 21. Kg2 Rc4 22. Nd3 Rac8 23. Re3 Qa5 {[%cal Rc4c3]} 24. Nb4 {[#]} (24. Nb2 $1 $11) 24... Rxd4 $1 $17 {[%mdl 512] White must now prevent ...Rd2+.} 25. cxd4 Rxc1 26. Rc3 Rxc3 27. Qxc3 Qb5 28. Qc8+ Kh7 29. Qf5+ {[#]} Kh8 $1 30. Nd3 Qd7 31. Qf4 (31. Qxd7 $1 $15 Nxd7 32. Nb4) 31... Qa4 $19 32. Ne5 Qxa2+ 33. Kh3 Kg8 34. Nc6 $2 (34. Qc1 Qa6 35. g4) 34... Qc4 {( -> ...Qf1+)} 35. Ne7+ Kf8 {Accuracy: White = 32%, Black = 52%.} 0-1

[Event "CCCSA IM Norm C 2019"]
[Site "Charlotte"]
[Date "2019.06.09"]
[Round "9.5"]
[White "Lorne, Ras Malaku"]
[Black "Bregadze, Levan"]
[Result "0-1"]
[WhiteElo "2159"]
[BlackElo "2462"]
[Annotator "TA"]
[PlyCount "138"]
[EventDate "2019.06.05"]
[EventType "tourn"]
[EventCountry "USA"]
[SourceTitle "playchess.com"]
[Source "ChessBase"]
[SourceQuality "1"]

{[%evp 13,138,-39,-47,-41,-33,-45,-40,-41,-39,-52,-28,-20,-12,-18,-14,-56,-25,-76,-32,-38,-50,-85,0,0,0,0,0,-42,-29,-71,-62,-77,-47,-43,-22,-91,-76,-109,-66,-136,-92,-87,-77,-81,-51,-177,-180,-171,-176,-175,-165,-171,-165,-216,-233,-203,-218,-427,-378,-373,-265,-278,-281,-375,-359,-343,-288,-415,-319,-290,-251,-311,-201,-334,-271,-390,-391,-668,-348,-322,0,0,0,0,0,0,0,0,0,0,0,0,0,0,0,-8,-8,-8,-8,-23,-23,-33,-41,-4727,-1078,-29965,-29967,-29965,-29964,-29987,-29978,-29988,-29979,-29979,-29972,-29981,-29982,-29984,-29985,-29985,-29986,-29987,-29988,-29990,-29990,-29990,-29990]} 1. d4 Nf6 2. Bg5 Ne4 3. Bf4 c5 4. d5 Qb6 5. Nc3 Qxb2 6. Nxe4 Qb4+ 7. Qd2 Qxe4 8. f3 {A45: Trompowsky Attack} (8. e3 g5 9. f3 Qf5 10. Bg3 Qf6 11. Rc1 Bg7 12. c4 Na6 13. Ne2 Qb2 14. Nc3 Qxd2+ 15. Kxd2 d6 16. h4 {½-½ (47) Ikeda,J (2421)-Kvon,A (2509) Adelaide 2018}) 8... Qb4 (8... Qa4 {looks sharper.} 9. e4 d6 10. Ne2 a6 11. Qc1 b5) 9. c3 Qa5 10. e4 {Black is slightly better.} d6 11. Bd3 e5 $146 ({Predecessor:} 11... g6 12. Ne2 Nd7 13. O-O Bg7 14. Rab1 a6 15. Bh6 O-O 16. Bxg7 Kxg7 {0-1 (41) Lopez Neiger,M (1737)-Mayr,F (2280) ICCF email 2011}) 12. Be3 Be7 13. Ne2 O-O 14. g4 Nd7 {[%cal Bb8d7,Bd7b6,Bb6a4][%mdl 32]} 15. h4 (15. Ng3 $11) 15... Nb6 16. Ng3 Na4 17. Rc1 c4 (17... b5 $17) 18. Bxc4 $11 Bd7 19. Bd3 Rfc8 20. Ne2 Bd8 21. g5 Bb6 22. Bxb6 Qxb6 23. Rb1 Qa5 24. h5 (24. c4 $11 {keeps the balance.} Qc7 25. h5) 24... Nc5 $17 25. Kf2 a6 26. Rbc1 (26. Rb2 $15) 26... Nxd3+ 27. Qxd3 Qxa2 28. c4 b5 {[%cal Rb5c4,Bb7b5,Bb5b4,Bb4b3][%mdl 32]} 29. c5 (29. Qe3 $15 bxc4 30. Ra1) 29... Rxc5 $19 30. Rxc5 dxc5 31. Qc3 b4 32. Qxe5 Re8 $1 {[%cal Re8e5]} 33. Qc7 (33. Qa1 {is a better defense.} Qxa1 34. Rxa1) 33... Bb5 34. Re1 b3 35. d6 $2 (35. h6 b2 36. Qxc5) 35... Qd2 {aiming for ...b2.} 36. Qxc5 b2 {White must now prevent ...Qxe1+!} 37. Qc3 Qxg5 {...Qh4+ is the strong threat.} (37... Qxe2+ $2 38. Rxe2 b1=N 39. Qd4 $1 $18 {[%mdl 512]}) 38. Qxb2 Qh4+ 39. Kf1 Qxh5 40. Qc3 (40. Kg2 {was the only defense.} Bxe2 41. Qxe2 Qg6+ {[%mdl 64] Double Attack} 42. Kf1 Qxd6 43. Ra1) 40... Qh1+ 41. Kf2 Qh2+ 42. Ke3 Qh6+ 43. Kf2 (43. Nf4 $142) 43... Qxd6 {[#] Hoping for ...Qh2+.} 44. Nd4 (44. Rg1 $142 $1 {[%mdl 512]} g6 45. Ng3) 44... Rd8 45. Rd1 $2 (45. Nxb5 axb5 46. e5) 45... Qb6 46. Kg2 {intending Nf5!} h5 $2 {[#]} (46... Qg6+ $19 47. Kf2 Qf6) 47. Nf5 $3 $11 {[%csl Gf5][%cal Rc3g7][%mdl 512]} Qg6+ 48. Kh2 Rxd1 ({But not} 48... Re8 $2 49. Rg1 $18) 49. Ne7+ Kh7 {( -> ...Qg1+)} 50. Nxg6 fxg6 {[%mdl 4096] Endgame KQ-KRB} 51. f4 Rf1 52. Qd2 Bc6 53. Qc2 Bd7 54. Qc7 Bg4 55. Kg2 $132 {[%mdl 2048] White is not holding back} Rf3 56. Qf7 a5 {Strongly threatening ...a4.} 57. f5 gxf5 58. e5 $2 {[%mdl 8192] [#]} (58. exf5 $15 Rxf5 59. Qe8) 58... h4 $1 $19 {[%cal Rh4h3]} 59. e6 {[#]} h3+ $1 {Black mates.} 60. Kg1 Rg3+ 61. Kh2 Rg2+ 62. Kh1 Re2 63. Qb7 Rxe6 64. Kh2 a4 {[%cal Ba5a4,Ba4a3,Ba3a2][%mdl 32]} 65. Kg3 a3 66. Qd5 Re2 67. Kh4 a2 68. Qa8 h2 69. Kg5 Re6 {Accuracy: White = 27%, Black = 65%.} 0-1